<?xml version="1.0" encoding="UTF-8"?>
<collection xmlns="http://www.loc.gov/MARC21/slim">
    <record>
        <controlfield tag="001">13767</controlfield>
        <controlfield tag="005">20151001114331.0</controlfield>
        <datafield tag="037" ind1=" " ind2=" ">
            <subfield code="a">BOUZ-2013-077</subfield>
        </datafield>
        <datafield tag="040" ind1=" " ind2=" ">
            <subfield code="a">Secretaría General</subfield>
        </datafield>
        <datafield tag="222" ind1=" " ind2=" ">
            <subfield code="a">Boletín Oficial de la Universidad de Zaragoza</subfield>
        </datafield>
        <datafield tag="245" ind1=" " ind2=" ">
            <subfield code="a">BOUZ 09-2008 (30 septiembre)</subfield>
        </datafield>
        <datafield tag="260" ind1=" " ind2=" ">
            <subfield code="a">Zaragoza</subfield>
            <subfield code="b">Secretaría General de la Universidad de Zaragoza</subfield>
            <subfield code="c">2008</subfield>
        </datafield>
        <datafield tag="310" ind1=" " ind2=" ">
            <subfield code="a">Irregular</subfield>
        </datafield>
        <datafield tag="362" ind1="0" ind2=" ">
            <subfield code="a">2001-</subfield>
        </datafield>
        <datafield tag="505" ind1="0" ind2=" ">
            <subfield code="a">•	Corrección de errores BOUZ  08/08	 478</subfield>
        </datafield>
        <datafield tag="505" ind1="0" ind2=" ">
            <subfield code="a">I.1. Consejo Social</subfield>
        </datafield>
        <datafield tag="505" ind1="0" ind2=" ">
            <subfield code="a">•	Distribución de las becas de colaboración para el curso 2008-2009.		479</subfield>
        </datafield>
        <datafield tag="505" ind1="0" ind2=" ">
            <subfield code="a">1.3. Consejo de Gobierno</subfield>
        </datafield>
        <datafield tag="505" ind1="0" ind2=" ">
            <subfield code="a">•	Representación de los Directores de Departamento de las áreas sociales en la Comisión de Docencia	 480</subfield>
        </datafield>
        <datafield tag="505" ind1="0" ind2=" ">
            <subfield code="a">•	Doctorado honoris causa por la Universidad de Zaragoza al Dr. Graeme Clark 	 480</subfield>
        </datafield>
        <datafield tag="505" ind1="0" ind2=" ">
            <subfield code="a">•	Modificación de la Relación de Puestos de Trabajo del personal docente e investigador, al amparo del apartado II.7.6. de las directrices para el estableci¬miento y modificación de la RPT del PDI,	 480.</subfield>
        </datafield>
        <datafield tag="505" ind1="0" ind2=" ">
            <subfield code="a">•	Renovación de profesores eméritos	 482</subfield>
        </datafield>
        <datafield tag="505" ind1="0" ind2=" ">
            <subfield code="a">•	Adscripción del profesor don Esteban Calvo Bernad, como investigador del Laboratorio de Investigación en Tecnologías de la Combustión (LITEC).	 483 </subfield>
        </datafield>
        <datafield tag="505" ind1="0" ind2=" ">
            <subfield code="a">•	Elección de representante de los Decanos o Directores de Centro en la Comisión de la Biblioteca de la Universidad de Zaragoza (art. 12.2.vi. del Reglamento de la Biblioteca UZ)	 483</subfield>
        </datafield>
        <datafield tag="505" ind1="0" ind2=" ">
            <subfield code="a">•	Aprobación de las memorias de enseñanzas de grado, previstas para su implantación el curso 2009-2010, a remitir, para su verificación, al Consejo de Universidades.	 483</subfield>
        </datafield>
        <datafield tag="505" ind1="0" ind2=" ">
            <subfield code="a">•	Aprobación del procedimiento para adaptar las enseñanzas de máster/doctorado de la Universidad de Zaragoza a la Normativa vigente para el curso 2009-2010	 483</subfield>
        </datafield>
        <datafield tag="505" ind1="0" ind2=" ">
            <subfield code="a">•	Propuesta de la Comisión que ha de elaborar la memoria correspondiente al Master que habilite para el ejercicio de las profesiones de Profesor de Educación Secundaria Obligatoria y Bachillerato, Formación Profesional y Enseñanzas de Idiomas	 484</subfield>
        </datafield>
        <datafield tag="505" ind1="0" ind2=" ">
            <subfield code="a">•	Modificación de los porcentajes de gastos de dos expedientes de contratación..	 485</subfield>
        </datafield>
        <datafield tag="505" ind1="0" ind2=" ">
            <subfield code="a">IV Otras informaciones de interés</subfield>
        </datafield>
        <datafield tag="505" ind1="0" ind2=" ">
            <subfield code="a">•	Nombramientos y ceses	 485</subfield>
        </datafield>
        <datafield tag="505" ind1="0" ind2=" ">
            <subfield code="a">•	Publicado en el BOE.	 486</subfield>
        </datafield>
        <datafield tag="505" ind1="0" ind2=" ">
            <subfield code="a">•	Publicado en el BOA	 488</subfield>
        </datafield>
        <datafield tag="530" ind1=" " ind2=" ">
            <subfield code="a">Versión electrónica</subfield>
        </datafield>
        <datafield tag="540" ind1=" " ind2=" ">
            <subfield code="a">Todos los derechos reservados</subfield>
            <subfield code="a">http://www.europeana.eu/rights/rr-f/</subfield>
        </datafield>
        <datafield tag="710" ind1="2" ind2=" ">
            <subfield code="a">Universidad de Zaragoza</subfield>
            <subfield code="b">Secretaría General</subfield>
        </datafield>
        <datafield tag="856" ind1="4" ind2=" ">
            <subfield code="s">528544</subfield>
            <subfield code="u">http://zaguan.unizar.es/record/13767/files/BOUZ_09_08_2008.pdf</subfield>
            <subfield code="y">BOUZ 09-2008 (30 septiembre)</subfield>
        </datafield>
        <datafield tag="856" ind1="4" ind2=" ">
            <subfield code="s">199863</subfield>
            <subfield code="u">http://zaguan.unizar.es/record/13767/files/BOUZ_09_08_2008.jpg?subformat=icon</subfield>
            <subfield code="x">icon</subfield>
            <subfield code="y">BOUZ 09-2008 (30 septiembre)</subfield>
        </datafield>
        <datafield tag="902" ind1=" " ind2=" ">
            <subfield code="a">2008-09-001</subfield>
        </datafield>
        <datafield tag="980" ind1=" " ind2=" ">
            <subfield code="a">BOUZ</subfield>
        </datafield>
    </record>

    
</collection>